[Event "SR 1. liga zapad 2013/2014"]
[Site "?"]
[Date "2014.03.23"]
[Round "64.1"]
[White "Pagerka, Martin"]
[Black "Kukel, Imre 1985"]
[Result "1/2-1/2"]
[WhiteElo "2224"]
[BlackElo "2249"]
[Annotator "rastík"]
[PlyCount "135"]
[EventDate "2013.??.??"]
[WhiteTeam "SK Osuske"]
[BlackTeam "KSC Komarno"]

1. e4 c5 2. Nf3 d6 3. d4 cxd4 4. Nxd4 Nf6 5. Nc3 g6 6. Be3 Bg7 7. f3 O-O 8. Qd2
Nc6 9. O-O-O d5 10. exd5 Nxd5 11. Nxc6 bxc6 12. Bd4 Bxd4 13. Qxd4 Qb6 14. Nxd5
cxd5 15. Qxb6 axb6 16. a3 Rd8 17. Re1 Kf8 18. Bd3 Ra4 19. h4 h5 20. Kd2 Bd7 21.
g3 e6 22. f4 Ke7 23. c3 Kd6 24. Ra1 Rda8 25. Ra2 Be8 26. Rha1 f6 27. b3 R4a7
28. c4 Bf7 29. cxd5 exd5 30. Ke3 Rg8 31. Kd4 g5 32. hxg5 fxg5 33. f5 h4 34. g4
Re8 35. a4 Rea8 36. Rc2 h3 37. Rac1 Be8 38. Rh2 Rh7 39. Rch1 Rh4 40. Be2 b5 41.
axb5 Ra2 42. Bf3 Ra3 43. Rxh3 Rxb3 44. Rxh4 gxh4 45. Bd1 Rb4+ 46. Ke3 Bxb5 47.
Rxh4 Ke5 48. Rh6 d4+ 49. Kf3 Bc4 50. Rh8 Rb1 51. Re8+ Kf6 52. Ba4 Bd5+ 53. Kf2
Rb2+ 54. Kg3 Rg2+ 55. Kh3 Rg1 56. Bb5 Kg5 57. Re5 Bb7 58. f6+ Kxf6 59. Rf5+ Kg7
60. Rf4 Bc8 61. Be2 Re1 62. Bf3 Re3 63. Kg2 d3 64. Rd4 Be6 65. Kg3 Bf7 66. Kf4
Re7 67. Kg5 Rc7 68. Be4 1/2-1/2

[Event "SR 1. liga zapad 2013/2014"]
[Site "?"]
[Date "2014.03.23"]
[Round "64.2"]
[White "Szilard, Ladislav"]
[Black "Jozefek, Michal"]
[Result "1/2-1/2"]
[WhiteElo "2127"]
[BlackElo "2168"]
[Annotator "rastík"]
[PlyCount "77"]
[EventDate "2013.??.??"]
[WhiteTeam "KSC Komarno"]
[BlackTeam "SK Osuske"]

1. d4 Nf6 2. c4 e6 3. Nc3 Bb4 4. Bg5 c5 5. d5 h6 6. Bd2 O-O 7. g3 exd5 8. cxd5
d6 9. Bg2 Re8 10. Nf3 Na6 11. O-O Nc7 12. Ne1 b5 13. f3 Bxc3 14. bxc3 Nfxd5 15.
e4 Nb6 16. Nd3 Bb7 17. Be3 Nc4 18. Bf2 Qf6 19. Qc2 Ne5 20. Nxe5 Qxe5 21. f4 Qe6
22. Rfe1 Rad8 23. a4 a6 24. axb5 Nxb5 25. c4 Nc7 26. Rab1 Ba8 27. Rb6 Rb8 28.
Qb3 Rxb6 29. Qxb6 Re7 30. Rd1 Ne8 31. Qxa6 Bxe4 32. Bxe4 Qxe4 33. Re1 Qxe1+ 34.
Bxe1 Rxe1+ 35. Kf2 Re6 36. Qc8 g6 37. g4 Kg7 38. g5 hxg5 39. fxg5 1/2-1/2

[Event "SR 1. liga zapad 2013/2014"]
[Site "?"]
[Date "2014.03.23"]
[Round "64.3"]
[White "Bury, Rastislav"]
[Black "Berza, Stefan"]
[Result "1-0"]
[WhiteElo "2120"]
[BlackElo "2068"]
[Annotator "rastík"]
[PlyCount "149"]
[EventDate "2013.??.??"]
[WhiteTeam "SK Osuske"]
[BlackTeam "KSC Komarno"]

1. d4 c5 2. e3 d5 3. f4 Nf6 4. Nf3 Nc6 5. c3 e6 6. Bd3 Be7 7. Nbd2 O-O 8. O-O
a6 9. b3 b5 10. Bb2 Qb6 11. Qe2 Bb7 12. Ne5 b4 13. Nxc6 Bxc6 14. c4 Ne4 15. f5
Nc3 16. Qg4 exf5 17. Qxf5 g6 18. Qe5 Rae8 19. cxd5 Bxd5 20. Bxc3 bxc3 21. Nc4
Qe6 22. Rac1 cxd4 23. Qxd4 Bg5 24. Rxc3 Bxc4 25. Qxc4 Bxe3+ 26. Kh1 Bd2 27.
Qxe6 Rxe6 28. Rc2 Bb4 29. Bc4 Re7 30. Bxa6 Ra8 31. Bc4 Kg7 32. g4 Ra5 33. a4 f6
34. Rf3 Rae5 35. Rcf2 Re1+ 36. Kg2 Bc5 37. Rf1 Rxf1 38. Rxf1 Bb4 39. Ra1 Ra7
40. Rd1 Kf8 41. Kf3 Ke7 42. Bb5 Rc7 43. Ke4 Rc3 44. Rd7+ Ke6 45. Rxh7 Bc5 46.
Bc4+ Kd6 47. Rf7 Re3+ 48. Kf4 g5+ 49. Kf5 Bd4 50. a5 Re5+ 51. Kxf6 Rxa5+ 52.
Kg6 Be3 53. Rf5 Ra8 54. Rd5+ Kc7 55. Rf5 Rh8 56. Rf3 Bf4 57. h3 Kd6 58. b4 Ke5
59. b5 Rc8 60. Bf7 Rb8 61. Rb3 Rb6+ 62. Kg7 Kd4 63. Be8 Be5+ 64. Kf7 Kc5 65.
Bc6 Rb8 66. Rf3 Rh8 67. Rf5 Kd6 68. Bg2 Bf4 69. b6 Kd7 70. b7 Kc7 71. Kg7 Rd8
72. h4 Rd7+ 73. Kg6 Rd6+ 74. Kh5 gxh4 75. Rxf4 1-0

[Event "SR 1. liga zapad 2013/2014"]
[Site "?"]
[Date "2014.03.23"]
[Round "64.4"]
[White "Pallag, Gergely"]
[Black "Kimerling, Martin"]
[Result "1/2-1/2"]
[WhiteElo "2075"]
[BlackElo "2109"]
[Annotator "rastík"]
[PlyCount "74"]
[EventDate "2013.??.??"]
[WhiteTeam "KSC Komarno"]
[BlackTeam "SK Osuske"]

1. d4 f5 2. Nc3 d6 3. e4 Nf6 4. Qf3 fxe4 5. Nxe4 Nc6 6. Be3 g6 7. Nxf6+ exf6 8.
O-O-O Bg7 9. Qd5 Ne7 10. Qb3 d5 11. f3 O-O 12. h4 Nf5 13. g4 Nxe3 14. Qxe3 f5
15. g5 f4 16. Qd2 Qd6 17. Bh3 Re8 18. h5 Re3 19. Qg2 Qa6 20. Kb1 Bxd4 21. hxg6
hxg6 22. Bxc8 Rxc8 23. Qh3 Rce8 24. Qh7+ Kf8 25. Nh3 Qb6 26. b3 R8e7 27. Qh4
Rxf3 28. Nxf4 Re4 29. Qh6+ Ke8 30. Nxd5 Qc6 31. Nxc7+ Kd8 32. Qh8+ Kxc7 33.
Rxd4 Rxd4 34. Qxd4 Rxb3+ 35. axb3 Qxh1+ 36. Kb2 Qc6 37. Qg7+ Kb6 1/2-1/2

[Event "SR 1. liga zapad 2013/2014"]
[Site "?"]
[Date "2014.03.23"]
[Round "64.6"]
[White "Goth, Gabriel"]
[Black "Diviak, Rastislav"]
[Result "1/2-1/2"]
[WhiteElo "2038"]
[BlackElo "1998"]
[Annotator "rastík"]
[PlyCount "73"]
[EventDate "2013.??.??"]
[WhiteTeam "KSC Komarno"]
[BlackTeam "SK Osuske"]

1. e4 d6 2. d4 Nf6 3. Nc3 g6 4. f3 Bg7 5. Be3 c6 6. Qd2 b5 7. Bh6 Bxh6 8. Qxh6
Qa5 9. Qd2 Nbd7 10. d5 cxd5 11. Nxb5 Qxd2+ 12. Kxd2 O-O 13. exd5 Nxd5 14. c4
N5f6 15. Ne2 a6 16. Nbc3 Bb7 17. Nf4 e5 18. Nfd5 Nxd5 19. Nxd5 Bxd5 20. cxd5
Nb6 21. Rc1 Nxd5 22. Rc6 a5 23. Rxd6 Rfd8 24. Rxd8+ Rxd8 25. a3 Kf8 26. g3 Ke7
27. Bc4 Nb6+ 28. Kc3 Nxc4 29. Kxc4 a4 30. Re1 f6 31. Re2 Ke6 32. f4 Kf5 33.
fxe5 fxe5 34. b4 axb3 35. Kxb3 e4 36. a4 Rd3+ 37. Kc2 1/2-1/2

[Event "SR 1. liga zapad 2013/2014"]
[Site "?"]
[Date "2014.03.23"]
[Round "64.7"]
[White "Pericka, Tomas"]
[Black "Lelkes, Oliver"]
[Result "0-1"]
[WhiteElo "1994"]
[BlackElo "1870"]
[Annotator "rastík"]
[PlyCount "84"]
[EventDate "2013.??.??"]
[WhiteTeam "SK Osuske"]
[BlackTeam "KSC Komarno"]

1. e4 c5 2. Nf3 Nc6 3. Bb5 e6 4. O-O Nge7 5. c3 a6 6. Ba4 b5 7. Bc2 d5 8. d4
cxd4 9. cxd4 Nb4 10. Bb3 dxe4 11. Ng5 Nf5 12. Qg4 Qxd4 13. Nxf7 e3 14. Qxd4
Nxd4 15. fxe3 Ne2+ 16. Kh1 Nxc1 17. Nxh8 Nxb3 18. axb3 Nc2 19. Ra2 Nxe3 20. Rf3
Nf5 21. Nc3 Bb7 22. Rf2 Bc5 23. Re2 Ke7 24. Ne4 Bxe4 25. Rxe4 Rxh8 26. Rxa6 Nd6
27. Re2 Rf8 28. g3 Rf2 29. Rxf2 Bxf2 30. Kg2 Bd4 31. Kf3 Bxb2 32. g4 h6 33.
Ra7+ Kf6 34. Rd7 Be5 35. h4 b4 36. Ke3 Nf7 37. Ke4 Bc3 38. Rc7 Be1 39. h5 Ne5
40. Rc1 Bc3 41. Rg1 Kg5 42. Rg2 Nc6 0-1

[Event "SR 1. liga zapad 2013/2014"]
[Site "?"]
[Date "2014.03.23"]
[Round "65.1"]
[White "Jakubek, Peter"]
[Black "Federic, Jozef"]
[Result "0-1"]
[WhiteElo "2140"]
[BlackElo "2269"]
[PlyCount "108"]
[EventDate "2013.??.??"]
[WhiteTeam "SKS Povazska Bystrica"]
[BlackTeam "SK Modra"]

1. d4 d5 2. Nf3 Nf6 3. e3 c5 4. c4 cxd4 5. exd4 g6 6. Nc3 Bg7 7. Bg5 Nbd7 8.
cxd5 O-O 9. Be2 Nb6 10. Bxf6 Bxf6 11. Qb3 e6 12. d6 Qxd6 13. Ne4 Qd8 14. Nxf6+
Qxf6 15. O-O Rd8 16. Rfd1 Bd7 17. Ne5 Ba4 18. Qb4 Bxd1 19. Rxd1 Rac8 20. Ng4
Qg5 21. g3 Kg7 22. h4 Qf5 23. Qd2 h5 24. Qh6+ Kg8 25. Ne3 Qf6 26. Bxh5 Qg7 27.
Qxg7+ Kxg7 28. Bf3 Rc7 29. Rd3 Nc4 30. Rc3 Rdc8 31. Nxc4 Rxc4 32. Rb3 b6 33.
Ra3 R8c7 34. d5 exd5 35. Bxd5 Rc2 36. b4 Rd2 37. Bb3 Re7 38. b5 Ree2 39. Rxa7
Rxf2 40. g4 Rg2+ 41. Kf1 Rxg4 42. Rxf7+ Kh6 43. Rf6 Rxh4 44. Kg1 Rb4 45. Rxb6
Kh5 46. Rb8 Kh4 47. b6 Kg3 48. Kf1 Rf2+ 49. Ke1 Rh4 50. Bd5 Rb2 51. b7 Rhh2 52.
Bf3 Rb1+ 53. Bd1 Rh1+ 54. Ke2 Rb2+ 0-1

[Event "SR 1. liga zapad 2013/2014"]
[Site "?"]
[Date "2014.03.23"]
[Round "65.2"]
[White "Klemanic, Emil"]
[Black "Obona, Jan"]
[Result "1/2-1/2"]
[WhiteElo "2249"]
[BlackElo "2140"]
[PlyCount "84"]
[EventDate "2013.??.??"]
[WhiteTeam "SK Modra"]
[BlackTeam "SKS Povazska Bystrica"]

1. e4 c5 2. Nc3 d6 3. g3 Nc6 4. Bg2 g6 5. d3 Bg7 6. f4 e6 7. Nf3 Nge7 8. O-O
O-O 9. Be3 Nd4 10. Bf2 Rb8 11. Nxd4 cxd4 12. Ne2 Nc6 13. c3 dxc3 14. bxc3 b6
15. Qd2 Bb7 16. g4 f5 17. exf5 exf5 18. gxf5 Rxf5 19. d4 Ne7 20. Bh3 Rf8 21.
Be6+ Kh8 22. d5 Nf5 23. Ng3 Nxg3 24. hxg3 Qc7 25. Bd4 Bxd4+ 26. Qxd4+ Qg7 27.
Qd3 Rbe8 28. Rae1 Re7 29. Re3 Rc7 30. Rf2 Bc8 31. Rfe2 Bxe6 32. dxe6 Qe7 33.
Rd2 Rd8 34. g4 Qf6 35. f5 gxf5 36. gxf5 Rg7+ 37. Rg2 Rdg8 38. Reg3 Rxg3 39.
Rxg3 Rxg3+ 40. Qxg3 Qxf5 41. Qxd6 Qb1+ 42. Kf2 Qc2+ 1/2-1/2

[Event "SR 1. liga zapad 2013/2014"]
[Site "?"]
[Date "2014.03.23"]
[Round "65.3"]
[White "Skrabakova, Katarina"]
[Black "Machata, Martin"]
[Result "0-1"]
[WhiteElo "1969"]
[BlackElo "2241"]
[PlyCount "114"]
[EventDate "2013.??.??"]
[WhiteTeam "SKS Povazska Bystrica"]
[BlackTeam "SK Modra"]

1. e4 g6 2. d4 Bg7 3. Nc3 c5 4. Nf3 Qa5 5. Be3 Nf6 6. Qd2 cxd4 7. Nxd4 Nc6 8.
Nb3 Qc7 9. Be2 d6 10. O-O O-O 11. Nd4 Bd7 12. Rad1 a6 13. Nxc6 Bxc6 14. Nd5
Bxd5 15. exd5 Ne4 16. Qd3 Nc5 17. Bxc5 Qxc5 18. c3 b5 19. Rfe1 b4 20. Bf1 Ra7
21. cxb4 Qxb4 22. b3 Rc8 23. Re4 Qb6 24. Qe3 Qxe3 25. Rxe3 Rc2 26. Re2 Rac7 27.
Rxc2 Rxc2 28. Bxa6 Rxa2 29. Bc4 Bc3 30. Kf1 Bb4 31. Be2 Rb2 32. Rd3 Kg7 33. g3
e6 34. dxe6 fxe6 35. Bg4 Kf6 36. Rf3+ Ke7 37. Re3 e5 38. Be2 Bc5 39. Re4 Bd4
40. Rh4 h5 41. g4 hxg4 42. Rxg4 Kf6 43. Rg3 e4 44. Rg4 Kf5 45. f3 Rb1+ 46. Kg2
Rg1+ 47. Kh3 Rxg4 48. fxg4+ Kf4 49. Kg2 d5 50. Kf1 Ke3 51. Ke1 Bc3+ 52. Kd1 d4
53. h4 d3 54. Bf1 Kd4 55. h5 g5 56. h6 Ke5 57. h7 Ke6 0-1

[Event "SR 1. liga zapad 2013/2014"]
[Site "?"]
[Date "2014.03.23"]
[Round "65.4"]
[White "Banas, Kamil"]
[Black "Budaj, Peter"]
[Result "0-1"]
[WhiteElo "2221"]
[BlackElo "2062"]
[PlyCount "68"]
[EventDate "2013.??.??"]
[WhiteTeam "SK Modra"]
[BlackTeam "SKS Povazska Bystrica"]

1. d4 Nf6 2. c4 g6 3. Nc3 Bg7 4. e4 d6 5. Be2 O-O 6. Nf3 c6 7. h3 a6 8. a4 Nbd7
9. a5 b5 10. axb6 Qxb6 11. Qc2 c5 12. d5 Rb8 13. O-O Ne8 14. Ra3 Nc7 15. Nh2 e6
16. f4 exd5 17. exd5 Nf6 18. g4 Na8 19. Kh1 Qd8 20. f5 Nb6 21. g5 Bxf5 22. Rxf5
gxf5 23. gxf6 Qxf6 24. Nd1 Rfe8 25. Rf3 Re4 26. Nf2 Ree8 27. Bd3 Re1+ 28. Kg2
Qg6+ 29. Rg3 Rg1+ 30. Kxg1 Qxg3+ 31. Kh1 Re8 32. Nf1 Qf3+ 33. Kg1 Bd4 34. Qd2
Kh8 0-1

[Event "SR 1. liga zapad 2013/2014"]
[Site "?"]
[Date "2014.03.23"]
[Round "65.5"]
[White "Kvassay, Peter"]
[Black "Kleman, Miroslav"]
[Result "0-1"]
[WhiteElo "2042"]
[BlackElo "2188"]
[PlyCount "136"]
[EventDate "2013.??.??"]
[WhiteTeam "SKS Povazska Bystrica"]
[BlackTeam "SK Modra"]

1. d4 d6 2. e4 Nf6 3. Nc3 e5 4. Nf3 Nbd7 5. dxe5 dxe5 6. Bc4 Bc5 7. O-O O-O 8.
h3 c6 9. a4 a5 10. Qe2 Nh5 11. Be3 Qf6 12. g3 Qe7 13. Kh2 Nhf6 14. Nh4 Nb6 15.
Bb3 Bd4 16. Bg5 Be6 17. Qf3 Nbd7 18. Nf5 Qc5 19. h4 Bxf5 20. Qxf5 Rad8 21. Rad1
Qe7 22. Rd3 h6 23. Kg2 Kh8 24. Rf3 Bxc3 25. bxc3 Qd6 26. Rd3 Qe7 27. Rfd1 hxg5
28. hxg5 Nh7 29. Rxd7 Rxd7 30. Rxd7 Qxg5 31. Rxb7 g6 32. Qxg5 Nxg5 33. Ra7 Nxe4
34. Rxa5 f6 35. f3 Nd6 36. Rc5 Rc8 37. a5 Nb7 38. Be6 Rc7 39. Rc4 Nxa5 40. Ra4
Ra7 41. Rg4 Kh7 42. Rh4+ Kg7 43. Rg4 Nb7 44. Bf5 g5 45. Rb4 Nd6 46. Be4 c5 47.
Rb2 Nxe4 48. fxe4 Ra3 49. Rb3 Ra2 50. Kf3 Rxc2 51. Kg4 Kg6 52. Ra3 c4 53. Kf3
Rd2 54. Kg4 Rd3 55. Ra4 Rxc3 56. Rb4 Rc1 57. Ra4 c3 58. Rc4 c2 59. Rc3 Re1 60.
Rxc2 Rxe4+ 61. Kf3 f5 62. Rc6+ Kh5 63. Rf6 g4+ 64. Kf2 Kg5 65. Rf8 Ra4 66. Rg8+
Kf6 67. Rf8+ Ke6 68. Rd8 Ra2+ 0-1

[Event "SR 1. liga zapad 2013/2014"]
[Site "?"]
[Date "2014.03.23"]
[Round "65.6"]
[White "Matejovic, Juraj"]
[Black "Capak, Stefan"]
[Result "1-0"]
[WhiteElo "2186"]
[BlackElo "2040"]
[PlyCount "57"]
[EventDate "2013.??.??"]
[WhiteTeam "SK Modra"]
[BlackTeam "SKS Povazska Bystrica"]

1. e4 c5 2. Nf3 d6 3. d4 cxd4 4. Nxd4 Nf6 5. Nc3 a6 6. Bc4 e6 7. Bb3 Be7 8. f3
Nc6 9. Be3 O-O 10. Qd2 Bd7 11. O-O-O b5 12. g4 Qc7 13. g5 Ne8 14. h4 Nxd4 15.
Qxd4 a5 16. a4 b4 17. Ne2 Bc6 18. h5 Qd7 19. g6 h6 20. gxf7+ Rxf7 21. Nf4 Nc7
22. Ng6 d5 23. Bxh6 Bf6 24. e5 Bd8 25. Be3 Ne8 26. Rdg1 Rb8 27. h6 gxh6 28.
Rxh6 Rg7 29. Rh8+ 1-0

[Event "SR 1. liga zapad 2013/2014"]
[Site "?"]
[Date "2014.03.23"]
[Round "65.7"]
[White "Urbanic, Martin"]
[Black "Mydlarik, Martin"]
[Result "1/2-1/2"]
[WhiteElo "1910"]
[BlackElo "2112"]
[PlyCount "95"]
[EventDate "2013.??.??"]
[WhiteTeam "SKS Povazska Bystrica"]
[BlackTeam "SK Modra"]

1. e4 e6 2. d4 d5 3. exd5 exd5 4. Bd3 Bd6 5. c3 Ne7 6. Ne2 c6 7. O-O Qc7 8. h3
Bf5 9. Bxf5 Nxf5 10. Qd3 Ne7 11. Nd2 Nd7 12. Re1 O-O-O 13. b4 h5 14. Nb3 h4 15.
a4 Rdg8 16. Nc5 g5 17. f3 Rg6 18. Kh1 Rhg8 19. Ng1 Nf6 20. b5 Nh5 21. Ne2 f5
22. bxc6 Qxc6 23. Rb1 g4 24. hxg4 fxg4 25. f4 Nf6 26. Nxb7 Ne4 27. Nxd6+ Rxd6
28. Kg1 Nf5 29. Ba3 Rd7 30. Rec1 Rc7 31. c4 h3 32. cxd5 h2+ 33. Kxh2 Qh6+ 34.
Kg1 Qh1+ 35. Kxh1 Nf2+ 36. Kg1 Nxd3 37. Rxc7+ Kxc7 38. Rb3 Re8 39. Rxd3 Rxe2
40. Kf1 Ra2 41. Rc3+ Kd7 42. d6 g3 43. d5 Rf2+ 44. Kg1 Ra2 45. Kf1 Rf2+ 46. Kg1
Ra2 47. Kf1 Rf2+ 48. Kg1 1/2-1/2

[Event "SR 1. liga zapad 2013/2014"]
[Site "?"]
[Date "2014.03.23"]
[Round "65.8"]
[White "Sustak, Roman"]
[Black "Magerciak, Roman"]
[Result "0-1"]
[WhiteElo "1887"]
[BlackElo "1916"]
[PlyCount "68"]
[EventDate "2013.??.??"]
[WhiteTeam "SK Modra"]
[BlackTeam "SKS Povazska Bystrica"]

1. Nf3 Nf6 2. d4 e6 3. c4 b6 4. Nc3 Bb7 5. e3 Bb4 6. Bd2 O-O 7. Bd3 c5 8. O-O
d5 9. a3 cxd4 10. axb4 dxc3 11. Bxc3 dxc4 12. Bxc4 Ne4 13. Qb3 Ng5 14. Ne5 Nh3+
15. Kh1 Qh4 16. f3 Ng5 17. b5 Qh5 18. Rad1 Kh8 19. Rd6 f6 20. Ng4 Nxf3 21. h3
Ng5 22. Kh2 Bxg2 23. Kxg2 Qxh3+ 24. Kf2 Ne4+ 25. Ke1 Qg3+ 26. Kd1 Nxd6 27. Bxe6
Rd8 28. Qd5 Nf7 29. Qxd8+ Nxd8 30. Bf5 Nd7 31. Bxd7 Qd6+ 32. Bd4 Qxd7 33. Nxf6
gxf6 34. Rxf6 Kg8 0-1

[Event "SR 1. liga zapad 2013/2014"]
[Site "?"]
[Date "2014.03.23"]
[Round "66.1"]
[White "Bombek, Peter"]
[Black "Smolen, Jan"]
[Result "0-1"]
[WhiteElo "2219"]
[BlackElo "2384"]
[Annotator "rastík"]
[PlyCount "114"]
[EventDate "2013.??.??"]
[WhiteTeam "SKS Dubnica n/Vahom B"]
[BlackTeam "SK Strelec Devinska Nova Ves"]

1. d4 d5 2. Nf3 Nf6 3. c4 c6 4. e3 Bg4 5. h3 Bf5 6. Nc3 e6 7. g4 Bg6 8. Ne5
Nbd7 9. Nxg6 hxg6 10. cxd5 exd5 11. Bg2 g5 12. Bd2 Nb6 13. Qe2 Bb4 14. O-O-O
Qe7 15. Qd3 Nc4 16. f4 gxf4 17. exf4 O-O-O 18. Kb1 Rde8 19. Rhe1 Qc7 20. g5 Nh5
21. Rxe8+ Rxe8 22. Nxd5 Nxd2+ 23. Qxd2 Bxd2 24. Nxc7 Kxc7 25. Rxd2 Nxf4 26. Kc2
Re2 27. Bf1 Rxd2+ 28. Kxd2 Ne6 29. g6 fxg6 30. Ke3 Kd6 31. Be2 Ng5 32. Bg4 Kd5
33. Bc8 b6 34. Kf4 Ne4 35. Bd7 Nf6 36. Bc8 Kxd4 37. Kg5 Nd5 38. Be6 Ne7 39. Bf7
c5 40. Bxg6 b5 41. h4 a5 42. Bb1 b4 43. b3 Kc3 44. h5 Kb2 45. Bd3 Kxa2 46. Bc4
Ka3 47. Kf4 a4 48. bxa4 Kxa4 49. Ke5 b3 50. Kd6 Nf5+ 51. Kxc5 Ng3 52. Kd4 b2
53. Bd3 Nxh5 54. Ke5 Nf6 55. Bg6 Ka3 56. Ke6 Ka2 57. Kf7 Ne8 0-1

[Event "SR 1. liga zapad 2013/2014"]
[Site "?"]
[Date "2014.03.23"]
[Round "66.2"]
[White "Peitl, Tomas"]
[Black "Veres, Andrej"]
[Result "1/2-1/2"]
[WhiteElo "2207"]
[BlackElo "2161"]
[Annotator "rastík"]
[PlyCount "70"]
[EventDate "2013.??.??"]
[WhiteTeam "SK Strelec Devinska Nova Ves"]
[BlackTeam "SKS Dubnica n/Vahom B"]

1. e4 c5 2. Nf3 g6 3. d4 cxd4 4. Nxd4 Bg7 5. Be3 Nc6 6. Nc3 d6 7. Qd2 Nf6 8. f3
O-O 9. O-O-O Bd7 10. h4 h5 11. Be2 a6 12. Rdg1 b5 13. Nd5 e6 14. Nxc6 Bxc6 15.
Bb6 Qd7 16. Nxf6+ Bxf6 17. g4 hxg4 18. Rxg4 Kg7 19. h5 Rh8 20. Qe1 Rag8 21.
hxg6 Rxh1 22. Qxh1 fxg6 23. e5 dxe5 24. Bd3 e4 25. fxe4 e5 26. Qg2 Kf7 27. Be3
Qe6 28. b3 Bd7 29. Rg3 Bh4 30. Rf3+ Kg7 31. Qf1 Rc8 32. Kb2 Qe7 33. Qg2 a5 34.
Qd2 a4 35. b4 Be6 1/2-1/2

[Event "SR 1. liga zapad 2013/2014"]
[Site "?"]
[Date "2014.03.23"]
[Round "66.3"]
[White "Podoba, Milan"]
[Black "Sosovicka, Juraj"]
[Result "0-1"]
[WhiteElo "2132"]
[BlackElo "2188"]
[Annotator "rastík"]
[PlyCount "56"]
[EventDate "2013.??.??"]
[WhiteTeam "SKS Dubnica n/Vahom B"]
[BlackTeam "SK Strelec Devinska Nova Ves"]

1. e4 e5 2. Nf3 Nc6 3. Bb5 f5 4. d3 fxe4 5. dxe4 Nf6 6. Bg5 Bc5 7. Nc3 d6 8.
Nd5 Bxf2+ 9. Kxf2 Nxe4+ 10. Ke1 Nxg5 11. Nxg5 Qxg5 12. Bxc6+ bxc6 13. Nxc7+ Ke7
14. Nxa8 Qxg2 15. Rf1 Ba6 16. Rf3 Rxa8 17. b3 Qg1+ 18. Kd2 Qxh2+ 19. Kc3 Bc8
20. Qd3 Bg4 21. Re3 Rf8 22. Qa6 Rf2 23. Qxa7+ Ke6 24. Rc1 Bf5 25. Kb4 Qf4+ 26.
Ka3 c5 27. Ree1 Qb4+ 28. Kb2 Bxc2 0-1

[Event "SR 1. liga zapad 2013/2014"]
[Site "?"]
[Date "2014.03.23"]
[Round "66.4"]
[White "Kolesar, Milan"]
[Black "Sukuba, Zdeno"]
[Result "1-0"]
[WhiteElo "2161"]
[BlackElo "2108"]
[Annotator "rastík"]
[PlyCount "61"]
[EventDate "2013.??.??"]
[WhiteTeam "SK Strelec Devinska Nova Ves"]
[BlackTeam "SKS Dubnica n/Vahom B"]

1. Nf3 d5 2. d4 Nf6 3. c4 e6 4. Nc3 Be7 5. Bf4 O-O 6. e3 Nbd7 7. Bd3 c5 8. cxd5
exd5 9. O-O c4 10. Bc2 a6 11. a4 Qa5 12. Ne5 Bb4 13. Na2 Re8 14. b3 cxb3 15.
Bxb3 Nb6 16. Qd3 Be6 17. Nxb4 Qxb4 18. Rfb1 Qa5 19. Bc2 Rac8 20. Rb3 g6 21. Qd1
Rc3 22. Rxc3 Qxc3 23. Rb1 Qa5 24. f3 Kg7 25. Bg3 Nc4 26. Nxc4 dxc4 27. e4 b5
28. d5 Bd7 29. axb5 Bxb5 30. Qd4 h6 31. Be1 1-0

[Event "SR 1. liga zapad 2013/2014"]
[Site "?"]
[Date "2014.03.23"]
[Round "66.5"]
[White "Orgon, Dusan"]
[Black "Sosovicka, Matej"]
[Result "0-1"]
[WhiteElo "2089"]
[BlackElo "2098"]
[Annotator "rastík"]
[PlyCount "106"]
[EventDate "2013.??.??"]
[WhiteTeam "SKS Dubnica n/Vahom B"]
[BlackTeam "SK Strelec Devinska Nova Ves"]

1. e4 e5 2. Nf3 Nc6 3. Bb5 a6 4. Bxc6 dxc6 5. O-O f6 6. d4 Bg4 7. dxe5 Qxd1 8.
Rxd1 fxe5 9. Rd3 Bd6 10. Bg5 Nf6 11. Nbd2 O-O 12. h3 Be6 13. Rd1 Rae8 14. b3 b5
15. Nh2 Nh5 16. Ng4 Nf4 17. Bxf4 Rxf4 18. f3 h5 19. Ne3 Ref8 20. Kh2 g6 21.
Ndf1 Kg7 22. Ng3 R4f6 23. R1d2 Kf7 24. Rd1 Ke7 25. R1d2 Bc5 26. Nef1 a5 27. Rd1
Ra8 28. Rc3 Bd6 29. Rxc6 b4 30. Ne3 Rff8 31. Nc4 Bd7 32. Rcxd6 cxd6 33. Rxd6
Be6 34. Rc6 Bxc4 35. Rxc4 Rac8 36. Nf1 Rxc4 37. bxc4 Kd6 38. Kg3 Kc5 39. Ne3
Kd4 40. Kf2 Kc3 41. Ke2 Rd8 42. g4 Kb2 43. c5 Kxa2 44. Nc4 a4 45. c6 b3 46.
cxb3 axb3 47. f4 hxg4 48. hxg4 exf4 49. g5 b2 50. Nxb2 Kxb2 51. Kf3 Kc3 52. e5
Kd4 53. c7 Rc8 0-1

[Event "SR 1. liga zapad 2013/2014"]
[Site "?"]
[Date "2014.03.23"]
[Round "66.6"]
[White "Oprea, Erik"]
[Black "Pupak, Tomas"]
[Result "0-1"]
[WhiteElo "2130"]
[BlackElo "2016"]
[Annotator "rastík"]
[PlyCount "98"]
[EventDate "2013.??.??"]
[WhiteTeam "SK Strelec Devinska Nova Ves"]
[BlackTeam "SKS Dubnica n/Vahom B"]

1. e4 c6 2. d4 d5 3. Nc3 dxe4 4. Nxe4 Bf5 5. Ng3 Bg6 6. Nh3 Nf6 7. Nf4 Nd5 8.
Bc4 Nxf4 9. Bxf4 e6 10. Qd2 Bd6 11. Bg5 Qc7 12. a4 a5 13. O-O O-O 14. Be3 Nd7
15. Bg5 Nb6 16. Bb3 Nd5 17. c4 Bf4 18. Bxf4 Qxf4 19. Rfd1 Qxd2 20. Rxd2 Nb4 21.
Rad1 h6 22. Ne2 Rac8 23. f3 Rfe8 24. Nf4 Bf5 25. g4 Bh7 26. h4 Rc7 27. Kf2 Rce7
28. g5 hxg5 29. hxg5 Bf5 30. Kg3 e5 31. dxe5 Rxe5 32. Rh1 Re3 33. Rdh2 Kf8 34.
Bd1 Nd3 35. Bc2 R8e5 36. Ng2 Re2 37. Bxd3 Bxd3 38. Rh8+ Ke7 39. f4 Rc5 40. Rd1
Be4 41. Nh4 Re3+ 42. Kg4 Bd3 43. Ng2 Bf5+ 44. Kh5 Rh3+ 45. Nh4 g6+ 46. Kh6
Rxh4+ 47. Kg7 Rxh8 48. Kxh8 Rxc4 49. b3 Rxf4 0-1

[Event "SR 1. liga zapad 2013/2014"]
[Site "?"]
[Date "2014.03.23"]
[Round "66.7"]
[White "Prasek, Ivan"]
[Black "Hricak, Vasil"]
[Result "1/2-1/2"]
[WhiteElo "1950"]
[BlackElo "2118"]
[Annotator "rastík"]
[PlyCount "33"]
[EventDate "2013.??.??"]
[WhiteTeam "SKS Dubnica n/Vahom B"]
[BlackTeam "SK Strelec Devinska Nova Ves"]

1. e4 c5 2. Nf3 d6 3. Bb5+ Bd7 4. Bxd7+ Nxd7 5. c4 Ngf6 6. Nc3 g6 7. d4 cxd4 8.
Nxd4 Bg7 9. Be3 O-O 10. f3 Rc8 11. b3 Ne5 12. Qd2 Nfd7 13. O-O Nc6 14. Kh1 a6
15. Rac1 Nc5 16. Rfd1 Re8 17. Nd5 1/2-1/2

[Event "SR 1. liga zapad 2013/2014"]
[Site "?"]
[Date "2014.03.23"]
[Round "66.8"]
[White "Ochrana, Ladislav"]
[Black "Kutny, Marian 1968"]
[Result "0-1"]
[WhiteElo "2045"]
[BlackElo "1932"]
[Annotator "rastík"]
[PlyCount "62"]
[EventDate "2013.??.??"]
[WhiteTeam "SK Strelec Devinska Nova Ves"]
[BlackTeam "SKS Dubnica n/Vahom B"]

1. d4 d5 2. Nf3 Nf6 3. Bf4 e6 4. Nbd2 Bd6 5. Bxd6 Qxd6 6. e3 Nbd7 7. Bd3 b6 8.
O-O O-O 9. e4 dxe4 10. Nxe4 Nxe4 11. Bxe4 Rb8 12. Qe2 Nf6 13. Rfd1 Nxe4 14.
Qxe4 Bb7 15. Qe3 Bxf3 16. Qxf3 c5 17. dxc5 Qxc5 18. Rd2 Rbd8 19. Qe2 Qa5 20. c3
g6 21. a3 Rxd2 22. Qxd2 Qb5 23. Rd1 Qb3 24. h3 a5 25. Qc1 b5 26. Rd4 Kg7 27.
Rh4 h5 28. g4 Rd8 29. Qf4 Rd1+ 30. Kg2 Qd5+ 31. f3 Qc5 0-1

[Event "SR 1. liga zapad 2013/2014"]
[Site "?"]
[Date "2013.10.13"]
[Round "2.8"]
[White "Hecko, Dusan"]
[Black "Gazikova, Veronika"]
[Result "1-0"]
[WhiteElo "2107"]
[BlackElo "2093"]
[Annotator "Fritz 12 (20s)"]
[PlyCount "71"]
[EventDate "2013.??.??"]

{A24: English Opening vs King's Indian: Lines without ...Nc6} 1. c4 Nf6 2. Nc3
g6 3. Nf3 Bg7 4. g3 d6 5. Bg2 O-O 6. O-O Nbd7 7. d3 ({hlavny variant} 7. d4 e5
8. e4) 7... e5 8. Rb1 Re8 9. Bd2 c6 ({hlavny variant} 9... Nf8 10. b4 c6 11. b5
Qc7 12. Ne1 Ne6 13. Nc2 Bd7) 10. b4 d5 11. cxd5 $14 cxd5 12. Qb3 Nb6 $11 13. a4
(13. Rbc1 $5 $11) 13... d4 $15 14. Nd1 (14. Nb5 $5 $15) 14... Be6 $17 15. Qa3
Bd5 16. a5 Nc8 17. Nb2 (17. b5 Nd6 $11) 17... Nd6 18. Rfc1 Nb5 $17 19. Qa4 Bc6
20. Qb3 Nd5 21. Nd1 e4 22. dxe4 $15 Rxe4 23. e3 Nbc3 $4 (23... Ndc3 $142 24.
Nxc3 dxc3 25. Bxc3 Nxc3 26. Rxc3 Bxc3 27. Qxc3 Re8 $17) 24. Bxc3 $14 dxc3 $2 (
24... Nxc3 $142 25. Nxd4 Nxb1 26. Nxc6 bxc6 27. Bxe4 Nd2 $14) 25. Nd4 $18 Rxd4
26. exd4 a6 27. Nxc3 Nxc3 28. Rxc3 Bxd4 29. Rc2 Bxg2 30. Kxg2 Bg7 31. Rbc1 Be5
32. Rc4 b6 33. axb6 Qxb6 34. Rc6 Qb7 35. Qd5 Re8 36. Rxg6+ $3 1-0